[Event "ROM-ch U08"]
[Site "Calimanesti"]
[Date "2014.04.10"]
[Round "6"]
[White "Perescu, Toma"]
[Black "Simion, Gabriel Serban"]
[Result "1-0"]
[WhiteElo "1072"]
[BlackElo "1198"]
[PlyCount "31"]
[EventDate "2014.04.06"]
[EventType "swiss"]
[EventRounds "9"]
[EventCountry "ROU"]
[SourceTitle "CBM 160 Extra"]
[Source "ChessBase"]
[SourceDate "2014.07.01"]
[SourceVersion "1"]
[SourceVersionDate "2014.07.01"]
[SourceQuality "1"]

1. e4 e5 2. Nf3 Nc6 3. Nc3 Nf6 4. Bc4 Bc5 5. d3 0-0 6. Bd2 Ng4 7. 0-0 Nxf2 8. Rxf2 Bxf2+ 9. Kxf2 d6 10. Qe2 Bg4 11. Be3 Bxf3 12. Qxf3 Qh4+ 13. Qg3 Qxg3+ 14. Kxg3 Nd4 15. Bd5 c6 16. Bb3 1-0